SITRAP "Un acercamiento a su historia" 50 aniversario 1972-2022
La siguiente publicación presenta una visión del desarrollo y vicisiudes de una Organización de trabajdores integrada por hombres y mujeres, de diferentes generaciones que con su trabajo tesonero durante medio siglo, escribieron con su esfuerzo cotidaino, una parte de la historia socio política y ec...
Salvato in:
| Autore principale: | |
|---|---|
| Natura: | Libro |
| Lingua: | Spanish |
| Pubblicazione: |
San José, Costa Rica:
SITRAP
2022
|
| Soggetti: | |
| Tags: |
Aggiungi Tag
Nessun Tag, puoi essere il primo ad aggiungerne!!
|
MARC
| LEADER | 00000nam a22000007a 4500 | ||
|---|---|---|---|
| 003 | cru CIDCACS/IIS | ||
| 005 | 20230621090817.0 | ||
| 008 | 230615b2022 cr ||||| |||| 00| 0 spa d | ||
| 020 | |a 978-9968-03-225-4 | ||
| 040 | |c cru CIDCACS/IIS | ||
| 090 | |a 13.06.01 F676s | ||
| 100 | 1 | |9 11445 |a Fonseca Esquivel, Adalberto |d 1950 | |
| 245 | 1 | |a SITRAP "Un acercamiento a su historia" |b 50 aniversario 1972-2022 |c Adalberto Fonseca Esquivel | |
| 260 | |a San José, Costa Rica: |b SITRAP |c 2022 | ||
| 300 | |a 243 páginas | ||
| 520 | 3 | |a La siguiente publicación presenta una visión del desarrollo y vicisiudes de una Organización de trabajdores integrada por hombres y mujeres, de diferentes generaciones que con su trabajo tesonero durante medio siglo, escribieron con su esfuerzo cotidaino, una parte de la historia socio política y económica, casi en el anonimato, por qué no, una historia de olvido y desibujada en la memoria de la Patria. Esta publicación celebración del 50 aniversario del Sindicato de Trabajadores Agrícolas y de Plantaciones (SITRAP) con sede en Siquirres, cantón de la provincia de Limón, fundado como tal en el año de 1972 | |
| 650 | 0 | 0 | |0 TESAUROS |9 2228 |a SINDICALISMO |
| 650 | 0 | 0 | |9 1511 |a TRABAJADORES AGRICOLAS |
| 650 | 0 | 0 | |9 562 |a BANANOS |
| 650 | 0 | 0 | |9 3879 |a PLANTACIONES |
| 650 | 0 | 0 | |9 5432 |a LUCHA POLITICA |
| 942 | |2 z |c LI |h 13.06.01 F676s |i 23352 |6 130601_F676S_23352 | ||
| 999 | |c 45080 |d 45080 | ||



